Statistics for H Harfli Kişiler

Click here to take the quiz!

General Stats

  • This quiz has been taken 61 times
  • The average score is 3 of 21

Answer Stats

İpucuKişi% Correct
HJWolverine'i oynayan aktörHugh Jackman
65%
HZ"Aslan Kral" ve “Karayip Korsanları” filmlerinin bestecisiHans Zimmer
42%
HTFranklin D. Roosevelt’ten sonraki ABD başkanıHarry Truman
29%
HF"Indiana Jones" aktörüHarrison Ford
27%
HB2001 yılında En İyi Kadın Oyuncu Oscar Ödülü’nü kazandı ki bunu başaran ilk siyah
kadındı
Halle Berry
25%
HCVenezuela'nın eski yöneticisiHugo Chavez
20%
HNTrafalgar Savaşı'nı kazandıHoratio Nelson
15%
HD"Lizzie McGuire"Hilary Duff
11%
HG“Dört Nikah Bir Cenaze”Hugh Grant
11%
HM"Moby-Dick" yazarıHerman Melville
9%
HW"Zaman Makinesi" yazarıH. G. Wells
9%
HINorveçli oyun yazarıHenrik Ibsen
7%
HS“Milyonluk Bebek”Hillary Swank
7%
HO"Rüya" olarak da bilinen Nijeryalı basketbolcuHakeem Olajuwon
5%
HABabe Ruth'un kariyerini evde koşma rekoruyla mahvetti.Hank Aaron
2%
HPÜnlü bir varsayım yapan Fransız matematikçiHenri Poincaré
2%
HHSpruce Goose’u inşaa eden havacılık milyoneriHoward Hughes
2%
HLThe News adlı bir grupla çalışıyorHuey Lewis
2%
HKAfganistan Devlet Başkanı,
2001–2014
Hamid Karzai
0%
HR"Hayalet Avcıları"ndan EgonHarold Ramis
0%
HE"Şimdi değilse ne zaman?" diye soran eski hahamHillel the Elder
0%

Score Distribution

Percentile by Number Answered

Percent of People with Each Score

Your Score History

You have not taken this quiz